000 02306nam a22003017a 4500
003 CBULib
005 20230809084348.0
008 230502b |||||||| |||| 00| 0 eng d
020 _a9780190939076
040 _aCBULib
_cCBULib
_bEnglish
_erda
041 _aeng
050 _aJC 605 Lay
100 1 _aLayman, Daniel
_9401
245 _aLocke among the radicals : liberty and property in the nineteenth century
_c/ by Daniel Layman
260 _aNew York :
_bOxford University Press,
_c2020
300 _axiii, 255 pages
336 _2rdacontent
_aText |
_btxt
337 _2rdamedia
_aUnmediated |
_bn
338 _2rdacarrier
_aVolume
_bnc
500 _aSummary: "During the nineteenth century, the Lockean radicals-Thomas Hodgskin, Lysander Spooner, John Bray, and Henry George-picked up the loose ends of Locke's property theory and wove them into two competing strands. Each strand addressed problems of liberty and equality that were emerging with industrial capitalism, but each did so in a different way. In one camp, Hodgskin and Spooner-the libertarian radicals-argued that the world of resources is common to all people only in the negative sense of being originally unowned by anyone. According to them, there are no just grounds for state redistribution except to correct past injustices, and governments are typically little more than thieving and oppressive gangs. In the other camp, Bray and George-the egalitarian radicals-held that all people have a positive claim to share equally in the world's resources. According to them, states should insure, through redistributive taxation and other progressive policies, that our institutions respect this common right. Locke Among the Radicals tells the forgotten story of the Lockean radicals and the role they played in addressing problems latent in Locke's theory. In addition, it argues that some of the radicals' insights can provide a blueprint for a form liberal distributive justice that is applicable today"-- Provided by publisher
504 _aIncludes bibliographical references and index.
650 0 _aPROPERTY--PHILOSOPHY
_9402
650 0 _aRIGHT OF PROPERTY--PHILOSOPHY
_9403
650 0 _aLOCKE, JOHN, 1632-1704
_9405
650 0 _aLIBERTY--PHILOSOPHY
_9406
650 0 _aEQUALITY--PHILOSOPHY
_9407
942 _c002
_2lcc
999 _c77557
_d77557